000 00528nam a2200181Ia 4500
999 _c36616
_d36616
003 OSt
005 20201209103509.0
008 190216s9999||||xx |||||||||||||| ||und||
040 _coclc
082 _a158.7
_bSCH/O
100 _aSchein, Edgar H
_97317
245 0 _aOrganizational Psychology /
_cEdgar H Schein
250 _a3rd Ed.
260 _bPrentice Hall Of India Pvt Ltd,
_c1997.
_aNew Delhi:
300 _a274p
650 _aGeneral Libraries
942 _cREF
_2ddc
_h158.7
_iSCH/O
_k158.7
_mSCH/O